Classement FIFA 2011 - Statistiques

Statistiques générales
  • Ce quiz a été pris 182 fois
  • Le résultat moyen est 17 sur 20
Statistiques - réponses
Classement Réponses % Correct
1 Espagne
100%
6 Brésil
99%
15 France
99%
3 Allemagne
98%
10 Argentine
98%
7 Portugal
97%
5 Angleterre
96%
2 Pays-Bas
95%
9 Italie
93%
4 Uruguay
90%
17 Suisse
88%
12 Russie
84%
19 Japon
81%
18 Suède
79%
13 Chili
73%
8 Croatie
72%
11 Danemark
71%
14 Grece
66%
16 Côte d'Ivoire
50%
20 Bosnie-Herzégovine
24%
Aucun quiz correspondant
Distribution des résultats
% des personnes avec chaque résultat
Percentile par nombre de réponses
Votre historique - résultats
Vous n’avez pas pris ce quiz